Dynamics in infinite dimensions

Αποθηκεύτηκε σε:
Λεπτομέρειες βιβλιογραφικής εγγραφής
Κύριος συγγραφέας: Hale, Jack K.
Άλλοι συγγραφείς: Magalhaes, Luis T., Oliva, Waldyr M.
Μορφή: Βιβλίο
Γλώσσα:English
Δημοσίευση: New York : Springer, c2002
Έκδοση:2nd ed.
Σειρά:Applied mathematical sciences (Springer-Verlag New York Inc.) ; 47
Θέματα:
Ετικέτες: Προσθήκη ετικέτας
Δεν υπάρχουν, Καταχωρήστε ετικέτα πρώτοι!

MARC

LEADER 00000nam a2200000 i 4500
001 1/45476
008 031126s2002 eng d
020 |a 0-387-95463-5 
035 |l 10071730 
040 |a GR-MY-UA  |b gre  |e aacr 
041 0 |a eng 
082 0 |a 514.74 
100 1 |a Hale, Jack K. 
245 1 0 |a Dynamics in infinite dimensions /  |c Jack K. Hale, Luis T. Magalhaes, Waldyr M.. Oliva 
250 |a 2nd ed. 
260 |a New York :   |b Springer,   |c c2002 
300 |a viii, 280 p.;  |c 25 cm. 
490 1 |a Applied mathematical sciences  |v ; 47 
500 |a Revised edition of : Introduction to infinite dimensional dynamical system--geometric theory 
504 |a Includes bibliographical references and index 
650 0 0 |a Differentiable dynamical systems. 
700 1 |a Magalhaes, Luis T. 
700 1 |a Oliva, Waldyr M. 
830 0 |a Applied mathematical sciences (Springer-Verlag New York Inc.)  |v ; 47 
852 |a INST  |b SAMOS  |e 20031126  |h 514.74 HAL  |p 005300023595  |q 005300023595  |t BK  |y 0 
901 |a BIBL3-2003-3 
909 |a Σ  |b 099393 
922 |a 3ΕΛΗ  |b 200309  |c ΜΕΤΑΠΤ/ΤΜΗΜΑ ΜΑΘΗΜΑΤΙΚΩΝ  |d GLORYBOOK 
970 |a ΜΑΛΑΓΑΡΗ  |b ΦΩΤΕΙΝΗ  |z 2003/11/26